[Event "LSS ZI-2009-0-00572"]
[Site "LSS email"]
[Date "2009.11.19"]
[Round "?"]
[White "Basson, Heinrich"]
[Black "Harper, Roy"]
[Result "1-0"]
[WhiteElo "1736"]
[BlackElo "1309"]
[PlyCount "49"]
[EventDate "2009.11.14"]
[EventType "match (corr)"]
[EventRounds "2"]
[EventCountry "GER"]
[SourceTitle "Telechess CBM 137"]
[Source "ChessBase"]
[SourceDate "2010.07.15"]
[SourceVersion "1"]
[SourceVersionDate "2010.07.15"]
[SourceQuality "1"]

1. d4 d5 2. c4 Bg4 3. Nc3 Nf6 4. Qb3 e6 5. cxd5 exd5 6. Qxb7 Nbd7 7. Nf3 Bxf3 8. gxf3 Bd6 9. Rg1 0-0 10. Bh6 Nh5 11. Qxd5 Ndf6 12. Qf5 g6 13. Bxf8 Bxf8 14. 0-0-0 Kh8 15. Qc2 Rb8 16. e3 Ba3 17. bxa3 c6 18. Ne4 Nxe4 19. fxe4 Ng7 20. Qc5 Rb6 21. Bc4 Qe8 22. Qe5 Kg8 23. f4 Qxe5 24. dxe5 Kf8 25. Rd7 1-0

[Event "LSS ZI-2009-0-00572"]
[Site "LSS email"]
[Date "2009.11.19"]
[Round "?"]
[White "Harper, Roy"]
[Black "Basson, Heinrich"]
[Result "0-1"]
[WhiteElo "1338"]
[BlackElo "1726"]
[PlyCount "36"]
[EventDate "2009.11.14"]
[EventType "match (corr)"]
[EventRounds "2"]
[EventCountry "GER"]
[SourceTitle "Telechess CBM 137"]
[Source "ChessBase"]
[SourceDate "2010.07.15"]
[SourceVersion "1"]
[SourceVersionDate "2010.07.15"]
[SourceQuality "1"]

1. e4 e5 2. Nf3 Nc6 3. d3 Nf6 4. Bg5 h6 5. Bh4 d5 6. Be2 dxe4 7. dxe4 Qxd1+ 8. Bxd1 Nxe4 9. 0-0 g5 10. Bg3 Nxg3 11. fxg3 Be6 12. Nc3 0-0-0 13. Be2 f5 14. Rfd1 Bc5+ 15. Kf1 e4 16. Ne1 Ne5 17. Rab1 Nc4 18. b4 Ne3+ 0-1

[Event "LSS OP-2009-0-00998"]
[Site "LSS email"]
[Date "2009.11.19"]
[Round "?"]
[White "Traczewski, Wojciech"]
[Black "Harper, Roy"]
[Result "1-0"]
[WhiteElo "1659"]
[BlackElo "1458"]
[PlyCount "37"]
[EventDate "2009.11.13"]
[EventType "tourn (corr)"]
[EventRounds "4"]
[EventCountry "GER"]
[SourceTitle "Telechess CBM 137"]
[Source "ChessBase"]
[SourceDate "2010.07.15"]
[SourceVersion "1"]
[SourceVersionDate "2010.07.15"]
[SourceQuality "1"]

1. e4 e5 2. Nf3 Nc6 3. Bc4 Nf6 4. Ng5 d5 5. exd5 Nxd5 6. Nxf7 Kxf7 7. Qf3+ Qf6 8. Bxd5+ Be6 9. Bxe6+ Kxe6 10. Qb3+ Kd7 11. Qxb7 Bd6 12. Nc3 Rhf8 13. 0-0 Bc5 14. Ne4 Qh4 15. Nxc5+ Kd6 16. Na6 Rac8 17. b3 Qd4 18. Ba3+ Kd7 19. Bxf8 1-0

[Event "LSS No Engine Cup Gr09 prel 04 email"]
[Site "LSS email"]
[Date "2009.10.31"]
[Round "?"]
[White "Harper, Roy"]
[Black "Brey Rodrigo, Gonzalo"]
[Result "0-1"]
[WhiteElo "1458"]
[BlackElo "917"]
[PlyCount "38"]
[EventDate "2009.11.01"]
[EventType "tourn (corr)"]
[EventRounds "6"]
[EventCountry "GER"]
[SourceTitle "Telechess CBM 137"]
[Source "ChessBase"]
[SourceDate "2010.07.15"]
[SourceVersion "1"]
[SourceVersionDate "2010.07.15"]
[SourceQuality "1"]

1. e4 e5 2. Nf3 Nf6 3. Nc3 Nc6 4. d4 exd4 5. Nxd4 Bb4 6. Nxc6 bxc6 7. a3 Bxc3+ 8. bxc3 Nxe4 9. Qe2 0-0 10. Be3 Nxc3 11. Qf3 Re8 12. Be2 Nxe2 13. Qxe2 d5 14. 0-0 a5 15. Rae1 Ba6 16. Qg4 Bxf1 17. Bh6 Qf6 18. Rxe8+ Rxe8 19. Bg5 Qa1 0-1

[Event "LSS ZL-2009-0-00603"]
[Site "LSS email"]
[Date "2009.10.31"]
[Round "?"]
[White "Seibel, Friedhelm"]
[Black "Harper, Roy"]
[Result "0-1"]
[WhiteElo "1044"]
[BlackElo "1341"]
[PlyCount "52"]
[EventDate "2009.10.22"]
[EventType "match (corr)"]
[EventRounds "2"]
[EventCountry "GER"]
[SourceTitle "Telechess CBM 137"]
[Source "ChessBase"]
[SourceDate "2010.07.15"]
[SourceVersion "1"]
[SourceVersionDate "2010.07.15"]
[SourceQuality "1"]

1. e4 e5 2. Nf3 Nc6 3. d4 d5 4. Nxe5 dxe4 5. Bb5 Be7 6. d5 a6 7. Ba4 Bd6 8. Nxc6 bxc6 9. Bxc6+ Bd7 10. Bxa8 Qxa8 11. Qd4 Nf6 12. Nc3 0-0 13. Bg5 Ng4 14. h3 Ne5 15. Nxe4 Ng6 16. Nxd6 cxd6 17. 0-0 Qc8 18. Rfe1 Re8 19. Bf4 Ne7 20. Bxd6 Nf5 21. Rxe8+ Bxe8 22. Qc5 Nxd6 23. Qxd6 h6 24. Qe7 g6 25. c4 Qxc4 26. Qxe8+ Kg7 0-1

[Event "LSS ZL-2009-0-00601"]
[Site "LSS email"]
[Date "2009.10.27"]
[Round "?"]
[White "Seibel, Friedhelm"]
[Black "Harper, Roy"]
[Result "1-0"]
[WhiteElo "1314"]
[BlackElo "1458"]
[PlyCount "49"]
[EventDate "2009.10.21"]
[EventType "match (corr)"]
[EventRounds "2"]
[EventCountry "GER"]
[SourceTitle "Telechess CBM 137"]
[Source "ChessBase"]
[SourceDate "2010.07.15"]
[SourceVersion "1"]
[SourceVersionDate "2010.07.15"]
[SourceQuality "1"]

1. e4 e5 2. Nf3 Nf6 3. Nxe5 Bb4 4. Nd3 Ba5 5. e5 Nd5 6. Nc3 Bxc3 7. dxc3 0-0 8. Qf3 Ne7 9. Be2 d5 10. Bf4 f5 11. h4 Nbc6 12. h5 d4 13. h6 g6 14. Nc5 dxc3 15. Rd1 cxb2 16. Qb3+ Kh8 17. Rxd8 Rxd8 18. Qxb2 Nd4 19. Bg5 Be6 20. Bxe7 Nxe2 21. Nxe6 Re8 22. Bf6+ Kg8 23. Ng5 Nf4 24. Qb3+ Kf8 25. Nxh7# 1-0

[Event "IECG CE.2009.0.00109 email"]
[Site "IECG email"]
[Date "2009.06.23"]
[Round "1"]
[White "Harper, Roy"]
[Black "Koenig, Michael"]
[Result "1-0"]
[WhiteElo "1213"]
[BlackElo "1266"]
[PlyCount "101"]
[EventDate "2009.06.23"]
[EventType "tourn (corr)"]
[EventRounds "6"]
[SourceTitle "Corr 2024"]
[Source "ChessBase"]
[SourceDate "2023.10.19"]
[SourceVersion "1"]
[SourceVersionDate "2023.10.19"]
[SourceQuality "1"]

1. e4 e5 2. Nf3 Nf6 3. Nc3 Bb4 4. Bc4 d6 5. 0-0 Bxc3 6. dxc3 c6 7. Qe2 Nbd7 8. Rd1 Qe7 9. b4 Nb6 10. Bb3 Bg4 11. a4 d5 12. a5 Nxe4 13. axb6 Nxc3 14. Qxe5 Qxe5 15. Nxe5 Bxd1 16. Bd2 Ne2+ 17. Kf1 Nd4 18. Rxd1 axb6 19. Be3 Nxb3 20. cxb3 b5 21. Nd3 0-0 22. Nc5 Rfb8 23. Bf4 Re8 24. Nxb7 Re4 25. Bd6 h5 26. Bc5 g6 27. Bd4 Re7 28. Na5 Re6 29. Re1 Rxe1+ 30. Kxe1 Ra6 31. Ke2 Kf8 32. Ke3 Ke7 33. Kf4 f6 34. h4 Ke6 35. f3 f5 36. g3 Kd7 37. Kg5 Ke7 38. Nb7 Kf7 39. Be5 Ra8 40. f4 Rg8 41. Na5 Rc8 42. Kh6 Ra8 43. Nxc6 Ra2 44. Nd4 Rg2 45. Nxb5 Rxg3 46. Nd4 Ke7 47. b5 Kd7 48. b6 Kc8 49. Ne6 Rxb3 50. Bd4 Rb1 51. Kxg6 1-0

[Event "IECG QE.2009.0.00116"]
[Site "IECG email"]
[Date "2009.02.08"]
[Round "?"]
[White "Koenig, Michael"]
[Black "Harper, Roy"]
[Result "0-1"]
[WhiteElo "1241"]
[BlackElo "1209"]
[PlyCount "100"]
[EventDate "2009.02.08"]
[EventType "tourn (corr)"]
[EventRounds "6"]
[SourceTitle "Corr 2024"]
[Source "ChessBase"]
[SourceDate "2023.10.19"]
[SourceVersion "1"]
[SourceVersionDate "2023.10.19"]
[SourceQuality "1"]

1. Nf3 Nf6 2. d4 d5 3. e3 Nc6 4. Bb5 Bd7 5. 0-0 e6 6. c4 dxc4 7. Bxc4 Bd6 8. Nc3 0-0 9. e4 e5 10. d5 Na5 11. Be2 a6 12. a3 b6 13. Bg5 Nb7 14. Qc2 Qe7 15. Rfd1 h6 16. Bh4 g5 17. Nxg5 hxg5 18. Bxg5 Kh8 19. Qd3 Rg8 20. Qg3 Rg6 21. Rac1 Nc5 22. Bc4 b5 23. b4 bxc4 24. bxc5 Bxc5 25. d6 Bxd6 26. Qh4+ Kg7 27. Nd5 Nxd5 28. Bxe7 Bxe7 29. Qxe7 Nxe7 30. Rxd7 Nc8 31. Rxc7 Nd6 32. Rc5 Nxe4 33. R5xc4 Nd2 34. Rc7 Rd8 35. g3 Rd3 36. R1c3 Rgd6 37. h4 Ne4 38. Rxd3 Rxd3 39. Rc4 f5 40. Ra4 Rd1+ 41. Kg2 Rd2 42. Kg1 Nxf2 43. Rxa6 e4 44. Ra7+ Kg6 45. Re7 Ng4 46. Kf1 Nh2+ 47. Ke1 Nf3+ 48. Kf1 Ra2 49. h5+ Kxh5 50. a4 Kg4 0-1

[Event "IECG QE.2009.0.00116"]
[Site "IECG email"]
[Date "2009.02.08"]
[Round "?"]
[White "Krishnamurthy, Prabhanandan"]
[Black "Harper, Roy"]
[Result "1-0"]
[WhiteElo "1392"]
[BlackElo "1209"]
[PlyCount "43"]
[EventDate "2009.02.08"]
[EventType "tourn (corr)"]
[EventRounds "6"]
[SourceTitle "Corr 2024"]
[Source "ChessBase"]
[SourceDate "2023.10.19"]
[SourceVersion "1"]
[SourceVersionDate "2023.10.19"]
[SourceQuality "1"]

1. e4 e5 2. Nf3 Nc6 3. Bc4 Nf6 4. Ng5 d5 5. exd5 Nxd5 6. d4 Be7 7. Nxf7 Kxf7 8. Qf3+ Ke6 9. Nc3 Ncb4 10. Bb3 c6 11. dxe5 Qf8 12. Qd1 Kxe5 13. 0-0 Kf6 14. Nxd5+ Nxd5 15. c4 Nb4 16. a3 Na6 17. Qf3+ Ke6 18. Re1+ Kd7 19. Bf4 Kd8 20. Rad1+ Bd7 21. Rxd7+ Kxd7 22. Qg4+ 1-0

[Event "IECG TG-2009-0-15905"]
[Site "IECG email"]
[Date "2009.01.30"]
[Round "2"]
[White "Damons, Bart"]
[Black "Harper, Roy"]
[Result "1-0"]
[WhiteElo "800"]
[BlackElo "1210"]
[PlyCount "53"]
[EventDate "2009.01.30"]
[EventType "tourn (corr)"]
[EventRounds "6"]
[SourceTitle "Corr 2024"]
[Source "ChessBase"]
[SourceDate "2023.10.19"]
[SourceVersion "1"]
[SourceVersionDate "2023.10.19"]
[SourceQuality "1"]

1. d4 d5 2. Nf3 Nf6 3. e3 Bg4 4. h3 Bd7 5. c4 e6 6. Nc3 Nc6 7. a3 dxc4 8. Bxc4 Bd6 9. e4 0-0 10. e5 Ne8 11. exd6 Nxd6 12. Bd3 Ne7 13. Bxh7+ Kxh7 14. Ng5+ Kg6 15. h4 f5 16. h5+ Kf6 17. Qe2 Nc6 18. Bf4 Rg8 19. 0-0-0 Qe8 20. Rde1 Ke7 21. Nxe6 Bxe6 22. Qxe6+ Kf8 23. Bxd6+ cxd6 24. Qxd6+ Ne7 25. h6 Rd8 26. hxg7+ Kf7 27. Qe6+ 1-0

[Event "IECG TG-2009-0-15905"]
[Site "IECG email"]
[Date "2009.01.30"]
[Round "1"]
[White "Harper, Roy"]
[Black "Damons, Bart"]
[Result "1-0"]
[WhiteElo "1210"]
[BlackElo "800"]
[PlyCount "61"]
[EventDate "2009.01.30"]
[EventType "tourn (corr)"]
[EventRounds "6"]
[SourceTitle "Corr 2024"]
[Source "ChessBase"]
[SourceDate "2023.10.19"]
[SourceVersion "1"]
[SourceVersionDate "2023.10.19"]
[SourceQuality "1"]

1. e4 e5 2. Nc3 Nc6 3. Nf3 Nf6 4. Bc4 Bc5 5. 0-0 0-0 6. d3 d6 7. Bg5 h6 8. Bh4 Bg4 9. h3 Bxf3 10. Qxf3 Nd4 11. Qd1 c6 12. Na4 b5 13. Nxc5 dxc5 14. c3 g5 15. cxd4 Qxd4 16. Qc1 bxc4 17. Bxg5 hxg5 18. Qxg5+ Kh7 19. Qxf6 cxd3 20. Rad1 Rad8 21. Rfe1 Rd6 22. Qe7 Rg8 23. Qxf7+ Rg7 24. Qh5+ Kg8 25. b3 d2 26. Re3 a5 27. Qe2 a4 28. h4 a3 29. h5 Rd8 30. Rf3 Rd6 31. Rf5 1-0

[Event "IECG CE.2006.0.00099 email"]
[Site "IECG email"]
[Date "2006.10.15"]
[Round "?"]
[White "Harper, Roy"]
[Black "Tynan, Hal"]
[Result "0-1"]
[WhiteElo "1296"]
[BlackElo "1219"]
[PlyCount "52"]
[EventDate "2006.10.15"]
[EventType "tourn (corr)"]
[EventRounds "6"]
[SourceTitle "Corr 2011"]
[Source "ChessBase"]
[SourceDate "2010.08.31"]
[SourceVersion "1"]
[SourceVersionDate "2010.08.31"]
[SourceQuality "1"]

1. e4 e5 2. Nf3 Nf6 3. Nc3 Bb4 4. a3 Bxc3 5. bxc3 0-0 6. d4 Nxe4 7. dxe5 d6 8. Bd3 Nxc3 9. Bxh7+ Kxh7 10. Qd3+ Kg8 11. Qxc3 Nc6 12. 0-0 Bf5 13. Rb1 Rb8 14. Rd1 d5 15. Rb5 Be4 16. Ng5 Qe7 17. Nxe4 dxe4 18. Re1 Rfd8 19. Rc5 Rd7 20. Rc4 Rbd8 21. Rcxe4 Rd1 22. Bf4 Qe6 23. f3 R8d4 24. Rxd4 Rxe1+ 25. Kf2 Nxd4 26. Kxe1 Qb6 0-1

[Event "IECC M-5549"]
[Site "IECC email"]
[Date "2006.09.17"]
[Round "?"]
[White "Vasquez, Felipe"]
[Black "Harper, Roy"]
[Result "1-0"]
[WhiteElo "1427"]
[BlackElo "1534"]
[PlyCount "31"]
[EventDate "2006.??.??"]
[EventType "tourn (corr)"]
[EventRounds "10"]
[SourceTitle "Corr 2020"]
[Source "ChessBase"]
[SourceDate "2019.09.30"]
[SourceVersion "1"]
[SourceVersionDate "2019.09.30"]
[SourceQuality "1"]
[WhiteTeam "Peru"]
[BlackTeam "United States"]
[WhiteTeamCountry "PER"]
[BlackTeamCountry "USA"]

1. d4 d5 2. e4 dxe4 3. Nc3 Nf6 4. f3 e6 5. fxe4 Bb4 6. a3 Bxc3+ 7. bxc3 Nxe4 8. Qg4 Nxc3 9. Bd3 g6 10. Nf3 e5 11. Qg3 exd4 12. 0-0 0-0 13. Bh6 Re8 14. Ng5 Re7 15. Rae1 Rxe1 16. Qxe1 1-0

[Event "IECG QE.2006.0.00102"]
[Site "IECG email"]
[Date "2006.07.19"]
[Round "?"]
[White "Harper, Roy"]
[Black "Shah, Sehba"]
[Result "1-0"]
[WhiteElo "1311"]
[BlackElo "1058"]
[PlyCount "43"]
[EventDate "2006.07.19"]
[EventType "tourn (corr)"]
[EventRounds "6"]
[SourceTitle "Corr 2008"]
[Source "ChessBase"]
[SourceDate "2008.06.24"]
[SourceVersion "1"]
[SourceVersionDate "2008.06.24"]
[SourceQuality "1"]

1. d4 Nf6 2. Nc3 d5 3. Nf3 g6 4. Bf4 Bg7 5. Qd2 0-0 6. Bh6 Bxh6 7. Qxh6 c5 8. dxc5 d4 9. 0-0-0 Ng4 10. Qf4 Nc6 11. Qg3 Bf5 12. h3 Nf6 13. e3 Nd5 14. exd4 Ncb4 15. Nh4 Nxc3 16. bxc3 Nxa2+ 17. Kb2 Be6 18. d5 Bxd5 19. c4 Nb4 20. cxd5 Qa5 21. Qc3 Rfc8 22. Kb3 1-0

[Event "IECG CE.2006.0.00097 email"]
[Site "IECG email"]
[Date "2006.07.17"]
[Round "?"]
[White "Harper, Roy"]
[Black "Potter, Mitchel"]
[Result "1-0"]
[WhiteElo "1311"]
[BlackElo "1264"]
[PlyCount "31"]
[EventDate "2006.07.17"]
[EventType "tourn (corr)"]
[EventRounds "6"]
[SourceTitle "Corr 2008"]
[Source "ChessBase"]
[SourceDate "2008.06.24"]
[SourceVersion "1"]
[SourceVersionDate "2008.06.24"]
[SourceQuality "1"]

1. e4 g5 2. d4 h6 3. h4 gxh4 4. Rxh4 d5 5. exd5 e6 6. Nf3 Be7 7. Rh5 exd5 8. Ne5 Be6 9. c4 Bf6 10. cxd5 Bxd5 11. Nc3 c6 12. Nxd5 cxd5 13. Qb3 Ne7 14. Qxb7 Nd7 15. Nxd7 Ng8 16. Bb5 1-0

[Event "IECC M-5511"]
[Site "IECC email"]
[Date "2006.07.06"]
[Round "?"]
[White "Boyce, Harry"]
[Black "Harper, Roy"]
[Result "1/2-1/2"]
[WhiteElo "1367"]
[BlackElo "1471"]
[PlyCount "155"]
[EventDate "2006.??.??"]
[EventType "tourn (corr)"]
[EventRounds "10"]
[SourceTitle "Corr 2020"]
[Source "ChessBase"]
[SourceDate "2019.09.30"]
[SourceVersion "1"]
[SourceVersionDate "2019.09.30"]
[SourceQuality "1"]
[WhiteTeam "Australia"]
[BlackTeam "United States"]
[WhiteTeamCountry "AUS"]
[BlackTeamCountry "USA"]

1. d4 d5 2. c4 dxc4 3. Nf3 c5 4. e3 cxd4 5. Bxc4 Qc7 6. Qc2 Nc6 7. Nxd4 Bd7 8. 0-0 Rc8 9. Nb5 Qb6 10. b3 Ne5 11. N5a3 Qc5 12. Qe2 Nxc4 13. Nxc4 b5 14. Nb2 Qe5 15. f4 Qf6 16. Rd1 e6 17. Nd2 Rc2 18. Qd3 Qg6 19. f5 Qxf5 20. Ne4 Rc7 21. Nd6+ Bxd6 22. Qxd6 Qc5 23. Qg3 Ne7 24. Nd3 Qc6 25. e4 0-0 26. Be3 Qb7 27. Nc5 Qc8 28. Rac1 e5 29. Nxd7 Rxd7 30. Qxe5 Rxd1+ 31. Rxd1 Qg4 32. Rc1 Qd7 33. Qc7 Qe6 34. Bc5 Rc8 35. Qxa7 Ng6 36. Rf1 f6 37. b4 Qxe4 38. Qd7 Rb8 39. a3 Nf4 40. Qd2 Nd3 41. Rf3 Rd8 42. Re3 Qc4 43. h3 Rd7 44. Re8+ Kf7 45. Qe3 Nxc5 46. bxc5 Rd3 47. Qe7+ Kg6 48. Qe4+ Qxe4 49. Rxe4 Rc3 50. Rg4+ Kf7 51. Rh4 h6 52. a4 Rxc5 53. Kf2 Rc2+ 54. Kf3 Rc3+ 55. Ke2 g5 56. Rb4 bxa4 57. Rxa4 h5 58. h4 Kg6 59. Kf2 Rc5 60. Ke3 Kf5 61. Kf2 Rc2+ 62. Kf3 Rc3+ 63. Kf2 Rd3 64. Ke2 Rc3 65. Kf2 Rc5 66. Kg3 gxh4+ 67. Kxh4 Kg6 68. Ra8 Rc4+ 69. Kh3 Re4 70. g3 Kg7 71. Ra5 Kg6 72. Ra8 Re2 73. Rg8+ Kh7 74. Rf8 Kg7 75. Rc8 Re4 76. Rc5 Kg6 77. Rc8 Kf5 78. Rh8 1/2-1/2

[Event "IECC M-5501"]
[Site "IECC email"]
[Date "2006.06.27"]
[Round "?"]
[White "Reilly, Harry"]
[Black "Harper, Roy"]
[Result "0-1"]
[WhiteElo "1408"]
[BlackElo "1339"]
[PlyCount "30"]
[EventDate "2006.??.??"]
[EventType "tourn (corr)"]
[EventRounds "10"]
[SourceTitle "Corr 2020"]
[Source "ChessBase"]
[SourceDate "2019.09.30"]
[SourceVersion "1"]
[SourceVersionDate "2019.09.30"]
[SourceQuality "1"]
[WhiteTeam "United States"]
[BlackTeam "United States"]
[WhiteTeamCountry "USA"]
[BlackTeamCountry "USA"]

1. f3 e5 2. e4 Nc6 3. Ne2 Bc5 4. c3 Nf6 5. d4 exd4 6. cxd4 Bb6 7. Be3 d5 8. e5 Nd7 9. Qb3 0-0 10. f4 Re8 11. Nd2 a5 12. Qxd5 Ndxe5 13. Qb5 Ng4 14. Bg1 Nxd4 15. 0-0-0 Nxb5 0-1

[Event "IECG QE.2006.0.00101"]
[Site "IECG email"]
[Date "2006.06.01"]
[Round "?"]
[White "Zonneveld, Will"]
[Black "Harper, Roy"]
[Result "1-0"]
[WhiteElo "1319"]
[BlackElo "1311"]
[PlyCount "73"]
[EventDate "2006.06.01"]
[EventType "tourn (corr)"]
[EventRounds "6"]
[SourceTitle "Corr 2008"]
[Source "ChessBase"]
[SourceDate "2008.06.24"]
[SourceVersion "1"]
[SourceVersionDate "2008.06.24"]
[SourceQuality "1"]

1. d4 d5 2. c4 dxc4 3. e3 Nf6 4. Bxc4 e6 5. Nf3 Be7 6. 0-0 0-0 7. Nc3 c5 8. Qe2 Nc6 9. Rd1 cxd4 10. Nxd4 Nxd4 11. Rxd4 Bd7 12. e4 Rc8 13. e5 Ne8 14. Qd1 Rxc4 15. Rxd7 Qa5 16. Rxe7 Qxe5 17. Rxb7 Rd4 18. Qf1 Nf6 19. Rxa7 Rfd8 20. h3 Nd5 21. Ra5 h6 22. Be3 Nxe3 23. Rxe5 Nxf1 24. Kxf1 Rb8 25. Re2 Kf8 26. a4 Rd7 27. a5 Ra7 28. Ne4 Rb4 29. a6 Ke7 30. Ra5 Rc4 31. Nc5 Kd6 32. Rd2+ Kc6 33. Na4 Kc7 34. b4 Rc1+ 35. Ke2 Rc4 36. b5 Rb4 37. b6+ 1-0

[Event "IECC CL5-2005.14 email"]
[Site "IECC email"]
[Date "2005.10.09"]
[Round "?"]
[White "Nemeth, Laszlo"]
[Black "Harper, Roy"]
[Result "1-0"]
[WhiteElo "1444"]
[BlackElo "1523"]
[PlyCount "64"]
[EventDate "2005.??.??"]
[EventType "tourn (corr)"]
[EventRounds "4"]
[SourceTitle "Corr 2008"]
[Source "ChessBase"]
[SourceDate "2008.06.24"]
[SourceVersion "1"]
[SourceVersionDate "2008.06.24"]
[SourceQuality "1"]

1. d4 d5 2. e4 dxe4 3. Nc3 Nf6 4. f3 exf3 5. Nxf3 Bg4 6. h3 Bh5 7. g4 Bg6 8. Ne5 e6 9. Qf3 c6 10. g5 Nh5 11. Be3 Be7 12. Bd3 Rf8 13. Qg4 Nd7 14. 0-0-0 Qc7 15. Bxg6 hxg6 16. Rhf1 Nxe5 17. dxe5 Qxe5 18. Ne4 Rh8 19. Kb1 Rd8 20. Rxd8+ Bxd8 21. Bxa7 b6 22. Qf3 f5 23. gxf6 gxf6 24. Rd1 Qc7 25. Nd6+ Kf8 26. Nc4 Qxa7 27. Ne5 Kg7 28. Rd7+ Qxd7 29. Nxd7 g5 30. Qxc6 Nf4 31. a4 Rxh3 32. Nxb6 Kh6 1-0